| 000 | 01692nam a2200289Ia 4500 | ||
|---|---|---|---|
| 003 | PE SENCICO BE | ||
| 005 | 20251020182428.0 | ||
| 008 | 200515s9999 xx 000 0 und d | ||
| 020 | _a84-481-0508-7 | ||
| 040 |
_aPE SENCICO BE _cPE SENCICO BE |
||
| 041 | _aspa | ||
| 082 |
_a658.4038011 _bA57 1996 |
||
| 100 | 1 |
_aAndreu, Rafael _92427 _eautor |
|
| 245 | 1 | 0 |
_aEstrategia y sistemas de información / _cRafael Andreu, Joan E. Ricart, Josep Valor |
| 250 | _a2a ed. | ||
| 260 |
_aMadrid : _bMcGraw-Hill ; _c1996 |
||
| 300 |
_a199 p. : _bil., tbl., graf. ; _c23 cm. |
||
| 490 | _aMcGraw-Hill de Management | ||
| 505 | 0 | _aTecnologías y sistemas de información -- Planificación de tecnologías y sistemas de información a partir de la estrategia de negocio -- Planificación de tecnologías y sistemas de información en paralelo con la estrategia de negocio -- Planificación de tecnologías y sistemas de información a nivel corporativo -- Planificación de tecnologías y sistemas de información: implicaciones. | |
| 520 | 3 | _aLos autores insisten en la importancia de la planificación de los sistemas de información desde una perspectiva de negocio como una responsabilidad mas de la dirección de empresas. Al mismo tiempo registran la aparición de nuevos conceptos y nuevas tecnologías que han modificado de manera fundamental el campo de los sistemas y tecnologías de información de la empresa. | |
| 650 | 1 | 0 |
_aSistemas de información en administración _91124 |
| 650 | 2 | 0 |
_aTecnología de la información _91088 |
| 650 | 2 | 0 |
_aPlanificación empresarial _9419 |
| 700 | 1 |
_92428 _aRicart, Joan E. _eautor |
|
| 700 | 1 |
_92429 _aValor, Josep _eautor |
|
| 942 |
_cLIB _2ddc |
||
| 999 |
_c176 _d176 |
||